000 01217naa a22003377a 4500
001 BR8305483
003 BR-BrBNA
005 20250721143233.0
007 ta
008 250630b bl.|||m| |||| 00| 0 por d
040 _aBR-BrBNA
_bpor
_cBiblioteca Nacional de Agricultura
041 _a(Pt)
072 _aF25
_b0240
_b3830
090 _aF25 BR8305483
100 1 _aCordeiro, D.S.
100 1 _aKichel, A.N.
100 1 _aPorto, V.H. da F.
100 1 _aSilveira Junior, P.
100 1 _aSilva, F.T. da
111 1 _a12. Reuniao Tecnica Anual do Sorgo
_cPelotas, RS (Brazil)
_d9-12 Aug 1983
245 1 _aEfeito da interacao entre calcario e fosforo na producao de sorgo sacarino
500 _aAnais da 12. Reuniao Tecnica Anual do Sorgo Pelotas, RS (Brasil): 1983. p. 196-202 [4 illus.] (BR8305483-AMS)
773 0 _tAnais da 12. Reuniao Tecnica Anual do Sorgo
_wF25 BR8305483
_gPelotas, RS (Brasil), 1983. p. 196-202
650 _aSORGO ACUCAREIRO
650 _aCALCARIO
650 _aFERTILIZANTE
650 _aFOSFORO
490 _aDocumentos - Unidade de Execucao de Pesquisa de Ambito Estadual de Pelotas (Brazil)
_vno. 15
942 _cAMS
_2AGRIS
909 _a202506
_bLúcia
_c55
_dLúcia Elande
999 _c334600
_d334600